00401cam a2200157 a 4500020002200000020002300022082001200045100002100057245001400078250001200092260005200104300005200156650001300208942000700221999001500228 a069721818X (case) a0697218198 (paper)00a574 MAD1 aMader, Sylvia S.10aBiology / a5th ed. aDubuque, IA :bWm. C. Brown Publishers,cc1996. a1 v. (various pagings) :908bill. (some col.) ; 0aBiology. cBK c1820d1820